キャラ別pixivタグ人気ランキング - Statistics

General Stats
  • This quiz has been taken 6 times
  • The average score is 4 of 15
Answer Stats
順位 属性 性別 年齢 Answer % Correct
1位 VOCALOID 女性 16歳 初音ミク
100%
2位 ゲームキャラ 女性 15歳程度 博麗霊夢
60%
3位 VOCALOID 女性 14歳 鏡音リン
60%
5位 ゲームキャラ 女性 15歳程度 霧雨魔理沙
60%
7位 VOCALOID 男性 14歳 鏡音レン
60%
4位 ゲームキャラ 女性 不明 チルノ
20%
8位 ゲームキャラ 女性 520歳程度 フランドール・スカーレット
20%
12位 ゲームキャラ 女性 自称10代後半 十六夜咲夜
20%
13位 ゲームキャラ 女性 525歳程度 レミリア・スカーレット
20%
15位 ゲームキャラ 不明 不明 カービィ
20%
6位 アニメキャラ 男性 2000歳以上 本田菊
0%
9位 ゲームキャラ 女性 500-1000歳程度 古明地こいし
0%
10位 アニメキャラ 男性 18歳あたり ジョジョ
0%
11位 ゲームキャラ 女性 不明 ルーミア
0%
14位 アニメキャラ 女性 14歳 鹿目まどか
0%
No matching quizzes found
Score Distribution
Percent of People with Each Score
Percentile by Number Answered
Your Score History
You have not taken this quiz